00291nam a2200121Ia 4500008004100000041000900041082001500050100001700065245002700082260004400109300000800153650000800161230718s9999 xx 000 0 und d aEng. a657bPRO-A aProfessional 0aAccenting for Business aPakistanbProfessional Education c2005 a582 aLaw